000 00577nam a2200217 a 4500
001 14050
003 CO-ViMGA
008 141112s2004 ck r 000 u spa d
020 _a968698707
040 _aCO-ViMGA
_bspa
_cCO-ViMGA
082 0 4 _a328.345 N172
100 1 _aNathan C., Benjamin
_920533
245 1 0 _aLa funcion judicial
260 _aMexico :
_bPereznieto,
_c1996
300 _a94p.
590 _aForma de adquisición : COMPRA
650 1 4 _aADMINISTRACION DE JUSTICIA
_920534
650 1 4 _aJUECES
_920535
650 1 4 _aPODER JUDICIAL
_920536
942 _2ddc
_cBK
999 _c24751
_d24751